| 000 | 00759nam a2200229 i 4500 | ||
|---|---|---|---|
| 001 | 122306 | ||
| 003 | ES-MaACL | ||
| 005 | 20230906191942.0 | ||
| 007 | t| | ||
| 008 | 070524s1930 sp ||||1| spa d | ||
| 080 | _a821.134.2-22 "19" | ||
| 100 | 1 |
_aLópez de Haro, Rafael. _973547 |
|
| 245 | 1 | 0 |
_aSer o no ser _b: comedia en tres actos / _cRafael López de Haro ; dibujos de Barbero. |
| 260 |
_aMadrid : _bEditorial Estampa, _c1930. |
||
| 300 |
_a62 p. : _bil. ; _c16 cm. |
||
| 490 | 1 |
_aLa Farsa ; _v122 |
|
| 500 | _aEstrenada en el teatro de la Princesa de Madrid el día 2 de marzo de 1926. | ||
| 700 | 0 |
_aBarbero _c, ilustrador. _925440 |
|
| 830 | 0 |
_aLa Farsa ; _v122 _9185863 |
|
| 852 |
_aES-MaACL _jG-8823(2) _bR.142273 |
||
| 999 |
_c122306 _d122306 |
||